Llwytho...
കങ്ങാണി
| Fformat: | Printed Book |
|---|---|
| Cyhoeddwyd: |
Payyanur:
Vishnu namboodiri Adara Samithi,
2016,
|
| Pynciau: |
| LEADER | 00401nam a22001217a 4500 | ||
|---|---|---|---|
| 082 | |a M 398.2 |b KAN | ||
| 245 | |a കങ്ങാണി | ||
| 260 | |a Payyanur: |b Vishnu namboodiri Adara Samithi, |c 2016, | ||
| 300 | |a 210p | ||
| 650 | |a kangani | ||
| 942 | |c BK | ||
| 999 | |c 40361 |d 40361 | ||
| 952 | |0 0 |1 0 |4 0 |6 M_398_200000000000000_KAN |7 0 |8 Stack |9 43244 |a KUCL |b KUCL |c M |d 2016-07-04 |l 0 |o M 398.2 KAN |p G1666 |r 2016-07-04 |w 2016-07-04 |y BK | ||